| 000 | 00437nam a2200157Ia 4500 | ||
|---|---|---|---|
| 008 | 210210b2006 xxu||||| |||| 00| 0 eng d | ||
| 020 | _a1403 92861 4 | ||
| 082 | _a658.827 KAPB | ||
| 100 | _aKAPOOR (Jagdeep). | ||
| 245 | _aBrand segmeantation: seven strategies for effective segmentation. | ||
| 260 |
_aN D _bMacmillan India Ltd. _c2006 |
||
| 300 | _aviii,92 | ||
| 650 | _aBrand | ||
| 690 | _aMarketing Management | ||
| 906 | _a060713 | ||
| 999 |
_c107526 _d107526 |
||